What Jesus proclaimed: (Record no. 5035)

000 -LEADER
fixed length control field 00674nam a2200205 a 4500
001 - CONTROL NUMBER
control field :::00002776$&:&@@
003 - CONTROL NUMBER IDENTIFIER
control field OkBaRHE
005 - DATE AND TIME OF LATEST TRANSACTION
control field 20000607103257.0
008 - FIXED-LENGTH DATA ELEMENTS--GENERAL INFORMATION
fixed length control field s1967 j 000 0 eng u
040 ## - CATALOGING SOURCE
Transcribing agency
100 1# - MAIN ENTRY--PERSONAL NAME
Personal name Ragsdale, Ray W.
245 10 - TITLE STATEMENT
Title What Jesus proclaimed:
Remainder of title sermonic interpretations of the basic teachings of Jesus.
260 ## - PUBLICATION, DISTRIBUTION, ETC. (IMPRINT)
Place of publication, distribution, etc Nashville, TN., :
Name of publisher, distributor, etc Abingdon Press
Date of publication, distribution, etc 1967
300 ## - PHYSICAL DESCRIPTION
Extent 159 p. ;
Dimensions 21 cm.
650 ## - SUBJECT ADDED ENTRY--TOPICAL TERM
Topical term or geographic name as entry element Jesus Christ
General subdivision Teachings
-- Sermons
650 ## - SUBJECT ADDED ENTRY--TOPICAL TERM
Topical term or geographic name as entry element Methodist Church
General subdivision Sermons
650 ## - SUBJECT ADDED ENTRY--TOPICAL TERM
Topical term or geographic name as entry element Sermons
General subdivision American
942 ## - ADDED ENTRY ELEMENTS (KOHA)
Source of classification or shelving scheme
Koha item type Books
Copies
Not for loan Damaged status Date acquired Copy number Barcode Shelving location Koha item type Date last seen Full call number Withdrawn status Price effective from Permanent Location Source of classification or shelving scheme Lost status
  2010-04-1412776General StacksBooks2018-03-16BS 2415 .R3 2010-04-14RHEMA Bible Training College